A kenderipar sikerei a kongresszusi versenyben
Elmentve itt :
| Dokumentumtípus: | Cikk |
|---|---|
| Megjelent: |
1966-09-18
|
| Sorozat: | Délmagyarország
56 No. 221 |
| Kulcsszavak: | Munkaverseny Szeged 1966, Kenderipar Szeged 1966, kender-, len- és szövőipar |
| Online Access: | http://dmarchiv.bibl.u-szeged.hu/66636 |
| LEADER | 00481nab a2200145 i 4500 | ||
|---|---|---|---|
| 001 | delm66636 | ||
| 005 | 20180927153725.0 | ||
| 008 | 180927s1966 hu o 0|| hun d | ||
| 040 | |a SZTE Délmagyarország Archívum |b hun | ||
| 041 | |a hun | ||
| 245 | 0 | 2 | |a A kenderipar sikerei a kongresszusi versenyben |h [elektronikus dokumentum] |
| 260 | |c 1966-09-18 | ||
| 300 | |a 1 | ||
| 490 | 0 | |a Délmagyarország |v 56 No. 221 | |
| 695 | |a Munkaverseny Szeged 1966, Kenderipar Szeged 1966, kender-, len- és szövőipar | ||